Statistics for All Countries of the World (clickable)

Click here to take the quiz!

General Stats

  • This quiz has been taken 145 times
  • The average score is 104 of 197

Answers on the Map

Answers color-coded by a green-red scale on the quiz's map according to % correct below.
 

Answer Stats

Answer% Correct
afghanistan
80%
armenia
68%
italy
68%
kazakhstan
68%
azerbaijan
66%
belgium
66%
china
66%
denmark
66%
india
66%
ireland
66%
australia
64%
greece
64%
iceland
64%
japan
64%
north korea
64%
saudi arabia
64%
algeria
63%
brazil
63%
canada
63%
france
63%
germany
63%
iraq
63%
jordan
63%
philippines
63%
south korea
63%
turkey
63%
argentina
61%
austria
61%
belarus
61%
bulgaria
61%
croatia
61%
egypt
61%
finland
61%
indonesia
61%
iran
61%
malta
61%
pakistan
61%
portugal
61%
russia
61%
spain
61%
sri lanka
61%
albania
59%
bangladesh
59%
bhutan
59%
estonia
59%
laos
59%
libya
59%
madagascar
59%
mexico
59%
morocco
59%
norway
59%
south africa
59%
sudan
59%
syria
59%
united arab emirates
59%
uzbekistan
59%
yemen
59%
angola
58%
chad
58%
colombia
58%
czech republic
58%
ethiopia
58%
latvia
58%
malaysia
58%
mongolia
58%
nepal
58%
sweden
58%
taiwan
58%
thailand
58%
ukraine
58%
united kingdom
58%
usa
58%
bosnia and herzegovina
56%
botswana
56%
cambodia
56%
chile
56%
cyprus
56%
democratic republic of the congo
56%
eritrea
56%
hungary
56%
kyrgyzstan
56%
lithuania
56%
maldives
56%
montenegro
56%
netherlands
56%
oman
56%
poland
56%
tanzania
56%
turkmenistan
56%
uruguay
56%
cape verde
54%
central african republic
54%
comoros
54%
eswatini
54%
georgia
54%
kosovo
54%
mozambique
54%
myanmar
54%
new zealand
54%
north macedonia
54%
papua new guinea
54%
paraguay
54%
slovakia
54%
slovenia
54%
somalia
54%
switzerland
54%
togo
54%
vietnam
54%
zambia
54%
zimbabwe
54%
bolivia
53%
cameroon
53%
ecuador
53%
ghana
53%
kuwait
53%
luxembourg
53%
malawi
53%
mali
53%
mauritania
53%
namibia
53%
niger
53%
nigeria
53%
republic of the congo
53%
romania
53%
south sudan
53%
tajikistan
53%
venezuela
53%
burkina faso
51%
costa rica
51%
cuba
51%
equatorial guinea
51%
honduras
51%
israel
51%
kenya
51%
lesotho
51%
mauritius
51%
moldova
51%
nicaragua
51%
peru
51%
qatar
51%
rwanda
51%
serbia
51%
suriname
51%
tunisia
51%
benin
49%
djibouti
49%
gabon
49%
guyana
49%
ivory coast
49%
lebanon
49%
liberia
49%
palestine
49%
sao tome and principe
49%
senegal
49%
sierra leone
49%
uganda
49%
belize
47%
burundi
47%
east timor
47%
guinea
47%
haiti
47%
micronesia
47%
dominican republic
46%
el salvador
46%
guatemala
46%
guinea bissau
46%
kiribati
46%
panama
46%
solomon islands
46%
palau
44%
seychelles
44%
vanuatu
44%
bahamas
42%
fiji
42%
jamaica
42%
marshall islands
41%
nauru
41%
trinidad and tobago
39%
tuvalu
39%
brunei
37%
singapore
37%
gambia
36%
liechtenstein
34%
monaco
34%
samoa
34%
tonga
34%
andorra
32%
antigua and barbuda
31%
saint lucia
31%
bahrain
29%
barbados
29%
saint kitts and nevis
29%
san marino
29%
vatican city
29%
saint vincent and the grenadines
27%
dominica
25%
grenada
24%

Score Distribution

Percentile by Number Answered

Percent of People with Each Score

Your Score History

You have not taken this quiz